Những nguyên tắc cơ bản trong nghệ thuật chèo

Sách trình bày cơ sở triết học của phương pháp nghệ thuật, phương pháp sáng tác của chèo truyền thống và các nguyên tắc trong chèo truyền thống.

Αποθηκεύτηκε σε:
Λεπτομέρειες βιβλιογραφικής εγγραφής
Κύριος συγγραφέας: Trần, Đình Ngôn
Μορφή: Βιβλίο
Γλώσσα:Undetermined
Έκδοση: Hà Nội Thời đại 2011
Θέματα:
Ετικέτες: Προσθήκη ετικέτας
Δεν υπάρχουν, Καταχωρήστε ετικέτα πρώτοι!
Thư viện lưu trữ: Trung tâm Học liệu Trường Đại học Cần Thơ
LEADER 00810nam a2200193Ia 4500
001 CTU_167748
008 210402s9999 xx 000 0 und d
082 |a 792.09597 
082 |b Ng454 
100 |a Trần, Đình Ngôn 
245 0 |a Những nguyên tắc cơ bản trong nghệ thuật chèo 
245 0 |c Trần Đình Ngôn 
260 |a Hà Nội 
260 |b Thời đại 
260 |c 2011 
520 |a Sách trình bày cơ sở triết học của phương pháp nghệ thuật, phương pháp sáng tác của chèo truyền thống và các nguyên tắc trong chèo truyền thống. 
650 |a Vietnamese drama,Sân khấu Việt Nam 
904 |i Trọng Hải 
980 |a Trung tâm Học liệu Trường Đại học Cần Thơ